[Event "ENCI Limburg-open B"]
[Site "Maastricht"]
[Date "2010.05.23"]
[Round "5"]
[White "Broekmeulen, Joris"]
[Black "Scheeren, Fred"]
[Result "1-0"]
[WhiteElo "1864"]
[BlackElo "2005"]
[PlyCount "117"]
[EventDate "2010.05.21"]
[EventType "swiss"]
[EventRounds "7"]
[EventCountry "NED"]
[Source "P.Boonen"]
[SourceDate "2010.10.01"]

1. e4 c5 2. Nf3 Nc6 3. Bb5 g6 4. Bxc6 bxc6 5. e5 Bg7 6. O-O h5 7. d3 Nh6 8. Re1
O-O 9. Bg5 Re8 10. Nc3 Rb8 11. Na4 Qa5 12. b3 Nf5 13. Bd2 Qd8 14. Nxc5 d6 15.
Na4 c5 16. Bc3 Bd7 17. exd6 exd6 18. Bxg7 Rxe1+ 19. Qxe1 Kxg7 20. Nc3 Bc6 21.
Ne4 f6 22. Qc3 Bd5 23. Re1 Rb7 24. h3 Nh6 25. Nfd2 Ng8 26. Nc4 Rd7 27. Ncd2 Re7
28. Rf1 Rb7 29. f4 Kf8 30. f5 g5 31. Nc4 Rd7 32. Re1 Kf7 33. Ne3 Qa8 34. Nc4
Qd8 35. Ng3 h4 36. Ne4 Nh6 37. Rf1 Bc6 38. Ncd2 Rb7 39. Qc4+ Kg7 40. Qe6 Nf7
41. Nc4 Bxe4 42. dxe4 Re7 43. Qd5 Qc7 44. Rd1 Rd7 45. Qe6 Re7 46. Qd5 Rd7 47.
e5 fxe5 48. Qe6 Qd8 49. Qg6+ Kh8 50. Qe6 Kg7 51. Ne3 Rb7 52. Ng4 Kf8 53. Qg6
Ke7 54. f6+ Ke6 55. c4 Qf8 56. Qe4 Rc7 57. Qd5+ Kf5 58. Rf1+ Kg6 59. Qe4+ 1-0

[Event "ENCI Limburg-open B"]
[Site "Maastricht"]
[Date "2010.05.23"]
[Round "5"]
[White "Camps, Jeroen"]
[Black "Singh, Marcel"]
[Result "0-1"]
[WhiteElo "1849"]
[BlackElo "1917"]
[PlyCount "50"]
[EventDate "2010.05.21"]
[EventType "swiss"]
[EventRounds "7"]
[EventCountry "NED"]
[Source "P.Boonen"]
[SourceDate "2010.10.01"]

1. e4 Nf6 2. Nc3 d5 3. e5 Ne4 4. Nce2 d4 5. c3 dxc3 6. Qa4+ Nd7 7. Qxe4 Nc5 8.
Qe3 Nd3+ 9. Kd1 cxb2 10. Bxb2 Nxb2+ 11. Kc2 Nc4 12. Qc3 Bf5+ 13. d3 Nb6 14. Ng3
Bg6 15. Rd1 Qd5 16. Kb1 O-O-O 17. Nf3 e6 18. Qb3 Bc5 19. Rd2 Nc4 20. Rd1 Nxe5
21. Nxe5 Qxe5 22. f3 Rd6 23. Kc2 Be3 24. Ne4 Rc6+ 25. Nc3 Bd4 0-1

[Event "ENCI Limburg-open B"]
[Site "Maastricht"]
[Date "2010.05.23"]
[Round "5"]
[White "Capone, Nicola"]
[Black "De Ridder, Dieter"]
[Result "1-0"]
[WhiteElo "1852"]
[BlackElo "1965"]
[PlyCount "99"]
[EventDate "2010.05.21"]
[EventType "swiss"]
[EventRounds "7"]
[EventCountry "NED"]
[Source "P.Boonen"]
[SourceDate "2010.10.01"]

1. e4 e6 2. d4 d5 3. Nc3 Nf6 4. Bg5 dxe4 5. Nxe4 Be7 6. Bxf6 Bxf6 7. c3 Nd7 8.
Nf3 O-O 9. Bd3 b6 10. Qc2 Bb7 11. h4 Be7 12. Neg5 h6 13. Bh7+ Kh8 14. Bg8 f5
15. Nf7+ Rxf7 16. Bxf7 Be4 17. Qe2 e5 18. O-O exd4 19. cxd4 Bd6 20. Ng5 Nf6 21.
Nxe4 Nxe4 22. Qh5 Qf6 23. Bd5 Rf8 24. Bxe4 fxe4 25. Rad1 c5 26. Qg4 cxd4 27.
Qxe4 Bc5 28. Rd3 Qf4 29. Qxf4 Rxf4 30. g3 Re4 31. Kg2 Re2 32. Rb1 a5 33. a3 a4
34. b4 axb3 35. Rbxb3 Kg8 36. Rf3 Ra2 37. Kf1 g6 38. g4 Kg7 39. h5 Ra1+ 40. Ke2
gxh5 41. gxh5 Rh1 42. Rh3 Ra1 43. Rbf3 d3+ 44. Rxd3 Ra2+ 45. Rd2 Rxa3 46. Rxa3
Bxa3 47. Rd3 Be7 48. Rg3+ Kf7 49. Rg6 Bf6 50. Rxh6 1-0

[Event "ENCI Limburg-open B"]
[Site "Maastricht"]
[Date "2010.05.23"]
[Round "5"]
[White "Coenen, Bert"]
[Black "Van den Born, Ico"]
[Result "1/2-1/2"]
[WhiteElo "1844"]
[BlackElo "1898"]
[PlyCount "80"]
[EventDate "2010.05.21"]
[EventType "swiss"]
[EventRounds "7"]
[EventCountry "NED"]
[Source "P.Boonen"]
[SourceDate "2010.10.01"]

1. c4 Nf6 2. Nf3 c6 3. b3 d5 4. cxd5 cxd5 5. Bb2 e6 6. e3 Nbd7 7. Be2 Bd6 8.
O-O O-O 9. d4 Ne8 10. Nbd2 f5 11. Qc2 a6 12. a4 b6 13. Rac1 Bb7 14. Qb1 Nc7 15.
Bc3 Rc8 16. b4 Qe7 17. Qb3 Na8 18. b5 a5 19. Bb2 Rxc1 20. Rxc1 Rc8 21. Rxc8+
Bxc8 22. Nb1 Nc7 23. Ba3 Ne8 24. Bxd6 Qxd6 25. Qc3 Bb7 26. Qa3 h6 27. Qxd6 Nxd6
28. Nbd2 Nf7 29. Bd3 g5 30. h3 Kg7 31. g3 Kf6 32. Ne1 Nd6 33. f4 Ne4 34. Nxe4+
fxe4 35. Be2 Kg6 36. Kf2 Bc8 37. Ng2 Nf6 38. Bd1 Ne8 39. Ne1 Bd7 40. Bc2 Kf6
1/2-1/2

[Event "ENCI Limburg-open B"]
[Site "Maastricht"]
[Date "2010.05.23"]
[Round "5"]
[White "De Ridder, Naomi"]
[Black "Brasse, Bram"]
[Result "1/2-1/2"]
[WhiteElo "1799"]
[BlackElo "1764"]
[PlyCount "62"]
[EventDate "2010.05.21"]
[EventType "swiss"]
[EventRounds "7"]
[EventCountry "NED"]
[Source "P.Boonen"]
[SourceDate "2010.10.01"]

1. e4 c5 2. Nf3 d6 3. d4 cxd4 4. Nxd4 Nf6 5. Nc3 a6 6. Bc4 g6 7. f3 Bg7 8. Be3
b5 9. Bb3 Bb7 10. a4 b4 11. Na2 a5 12. Nb5 Nbd7 13. c3 bxc3 14. Naxc3 O-O 15.
O-O Nc5 16. Bxc5 dxc5 17. Rc1 Qb6 18. Kh1 Rfd8 19. Qe2 e6 20. Rfd1 Ne8 21. Na2
Ba6 22. Bc4 Bxb5 23. Bxb5 Nd6 24. Nc3 Bxc3 25. bxc3 Nb7 26. Rb1 Rxd1+ 27. Rxd1
Rd8 28. Rxd8+ Qxd8 29. Qd3 Qxd3 30. Bxd3 e5 31. Kg1 f6 1/2-1/2

[Event "ENCI Limburg-open B"]
[Site "Maastricht"]
[Date "2010.05.23"]
[Round "5"]
[White "De Wit, Albert"]
[Black "Mohamedjoesoef, Rafiek"]
[Result "1-0"]
[WhiteElo "1955"]
[BlackElo "1795"]
[PlyCount "69"]
[EventDate "2010.05.21"]
[EventType "swiss"]
[EventRounds "7"]
[EventCountry "NED"]
[Source "P.Boonen"]
[SourceDate "2010.10.01"]

1. e4 c5 2. g3 g6 3. Bg2 Bg7 4. Ne2 d6 5. O-O e5 6. d3 Ne7 7. Be3 Nbc6 8. c3
O-O 9. f4 f5 10. Nd2 Rb8 11. Nf3 b5 12. fxe5 Nxe5 13. Nxe5 Bxe5 14. d4 cxd4 15.
Nxd4 Bd7 16. exf5 gxf5 17. Qb3+ Kh8 18. Rad1 Qc7 19. Rd2 a5 20. a3 Qc8 21. Rdf2
Qc4 22. Qxc4 bxc4 23. Bc1 Kg7 24. Bh3 h6 25. Nxf5+ Nxf5 26. Bxf5 Bxf5 27. Rxf5
Rf6 28. Rxf6 Bxf6 29. Bxh6+ Kxh6 30. Rxf6+ Kg5 31. Rf2 Rd8 32. Rd2 d5 33. Kg2
Kf5 34. Kf3 Ke6 35. Ke3 1-0

[Event "ENCI Limburg-open B"]
[Site "Maastricht"]
[Date "2010.05.23"]
[Round "5"]
[White "Dittmar, Thomas"]
[Black "Tutenel, Erik"]
[Result "1/2-1/2"]
[WhiteElo "1969"]
[BlackElo "1817"]
[PlyCount "36"]
[EventDate "2010.05.21"]
[EventType "swiss"]
[EventRounds "7"]
[EventCountry "NED"]
[Source "P.Boonen"]
[SourceDate "2010.10.01"]

1. d4 d5 2. c4 dxc4 3. e3 e5 4. dxe5 Qxd1+ 5. Kxd1 Nc6 6. f4 Be6 7. Nf3 O-O-O+
8. Ke1 Nb4 9. Na3 Nd3+ 10. Bxd3 cxd3 11. Nb5 Kb8 12. Bd2 a6 13. Nc3 Bc5 14. Ng5
Rd7 15. Nxe6 fxe6 16. Ne4 Be7 17. Rc1 Nh6 18. h3 Nf5 1/2-1/2

[Event "ENCI Limburg-open B"]
[Site "Maastricht"]
[Date "2010.05.23"]
[Round "5"]
[White "Ducarmon, Renzo"]
[Black "Mueller, Sven"]
[Result "1-0"]
[WhiteElo "1922"]
[BlackElo "1855"]
[PlyCount "63"]
[EventDate "2010.05.21"]
[EventType "swiss"]
[EventRounds "7"]
[EventCountry "NED"]
[Source "P.Boonen"]
[SourceDate "2010.10.01"]

1. e4 e6 2. d4 d5 3. Nd2 Nf6 4. e5 Nfd7 5. Bd3 c5 6. c3 Nc6 7. Ngf3 Be7 8. O-O
O-O 9. Bb1 f6 10. Qc2 g6 11. Re1 cxd4 12. cxd4 fxe5 13. dxe5 Qb6 14. Nb3 a5 15.
Be3 Qb4 16. Qd2 Qg4 17. h3 Qh5 18. Bd4 a4 19. Nc1 Nxd4 20. Qxd4 b6 21. Qd2 Bb7
22. Nd3 Nc5 23. Nf4 Qh6 24. Nxg6 Qxd2 25. Nxe7+ Kf7 26. Nxd2 Kxe7 27. Bxh7 Rf7
28. Bc2 d4 29. Be4 Bxe4 30. Nxe4 Rf5 31. Rad1 Rxe5 32. Rxd4 1-0

[Event "ENCI Limburg-open B"]
[Site "Maastricht"]
[Date "2010.05.23"]
[Round "5"]
[White "Geboers, Jimmy"]
[Black "Van Herck, Rob"]
[Result "0-1"]
[WhiteElo "1977"]
[BlackElo "1809"]
[PlyCount "54"]
[EventDate "2010.05.21"]
[EventType "swiss"]
[EventRounds "7"]
[EventCountry "NED"]
[Source "P.Boonen"]
[SourceDate "2010.10.01"]

1. d4 Nf6 2. c4 g6 3. Nc3 Bg7 4. e4 d6 5. f4 O-O 6. Nf3 Nbd7 7. d5 a5 8. Bd3
Nc5 9. Bc2 b6 10. Be3 Ba6 11. Qe2 Re8 12. O-O Ng4 13. Bd4 e5 14. fxe5 Nxe5 15.
Nxe5 Bxe5 16. Bxe5 Rxe5 17. Qf3 Qe7 18. b3 f5 19. exf5 Re3 20. f6 Rxf3 21. fxe7
Rxc3 22. Rae1 Re8 23. Rf2 Nd7 24. b4 Ne5 25. Rf8+ Rxf8 26. exf8=Q+ Kxf8 27. b5
Bxb5 0-1

[Event "ENCI Limburg-open B"]
[Site "Maastricht"]
[Date "2010.05.23"]
[Round "5"]
[White "Gunther, Marcella"]
[Black "Jurrius, Theo"]
[Result "1/2-1/2"]
[WhiteElo "1881"]
[BlackElo "2016"]
[PlyCount "22"]
[EventDate "2010.05.21"]
[EventType "swiss"]
[EventRounds "7"]
[EventCountry "NED"]
[Source "P.Boonen"]
[SourceDate "2010.10.01"]

1. e4 e5 2. Nf3 f5 3. d4 fxe4 4. Nxe5 Nf6 5. Be2 d6 6. Ng4 d5 7. O-O Be7 8. Be3
O-O 9. Nxf6+ Bxf6 10. f3 exf3 11. Bxf3 c6 1/2-1/2

[Event "ENCI Limburg-open B"]
[Site "Maastricht"]
[Date "2010.05.23"]
[Round "5"]
[White "Hauglustaine, Sander"]
[Black "Debusschere, Helmuth"]
[Result "1-0"]
[WhiteElo "1782"]
[BlackElo "1884"]
[PlyCount "39"]
[EventDate "2010.05.21"]
[EventType "swiss"]
[EventRounds "7"]
[EventCountry "NED"]
[Source "P.Boonen"]
[SourceDate "2010.10.01"]

1. e4 c5 2. Nc3 Nc6 3. Bb5 Nd4 4. Bc4 e6 5. Nge2 Nxe2 6. Qxe2 Ne7 7. d3 Nc6 8.
f4 d6 9. O-O a6 10. a4 Be7 11. Be3 Bf6 12. e5 dxe5 13. Bxc5 exf4 14. Rxf4 Nd4
15. Qf2 Nc6 16. Ne4 Be7 17. Bb6 Qd7 18. Rxf7 Rf8 19. Rxf8+ Bxf8 20. Rf1 1-0

[Event "ENCI Limburg-open B"]
[Site "Maastricht"]
[Date "2010.05.23"]
[Round "5"]
[White "Heijenrath, Jan"]
[Black "Vansteenkiste, Luc"]
[Result "0-1"]
[WhiteElo "1749"]
[BlackElo "1854"]
[PlyCount "56"]
[EventDate "2010.05.21"]
[EventType "swiss"]
[EventRounds "7"]
[EventCountry "NED"]
[Source "P.Boonen"]
[SourceDate "2010.10.01"]

1. d4 f5 2. c4 d6 3. Nf3 Nf6 4. Nc3 g6 5. g3 Bg7 6. Bg2 O-O 7. O-O Nc6 8. Re1
e5 9. d5 Ne7 10. e4 f4 11. Qd3 Nh5 12. b4 Rf6 13. c5 a6 14. Bd2 Qf8 15. Rf1 Bd7
16. a4 Bh6 17. Rac1 g5 18. b5 g4 19. cxd6 cxd6 20. Ne1 f3 21. Bh1 Rc8 22. Nc2
Bxd2 23. Qxd2 Rh6 24. Qg5+ Kh8 25. Nb4 Ng6 26. bxa6 bxa6 27. Nc6 Nhf4 28. gxf4
Nxf4 0-1

[Event "ENCI Limburg-open B"]
[Site "Maastricht"]
[Date "2010.05.23"]
[Round "5"]
[White "Hemmes, Maarten"]
[Black "Keetman, Dennis"]
[Result "1/2-1/2"]
[WhiteElo "1735"]
[BlackElo "1886"]
[PlyCount "75"]
[EventDate "2010.05.21"]
[EventType "swiss"]
[EventRounds "7"]
[EventCountry "NED"]
[Source "P.Boonen"]
[SourceDate "2010.10.01"]

1. e4 d5 2. exd5 Nf6 3. Nc3 Nxd5 4. Bc4 Be6 5. Qf3 c6 6. Nge2 g6 7. Nd4 Bg7 8.
Nxe6 fxe6 9. O-O Qd6 10. Ne4 Qe5 11. d3 Qf5 12. Ng5 h6 13. Qxf5 exf5 14. Ne6
Be5 15. Bxd5 cxd5 16. Bf4 Bxf4 17. Nxf4 Kf7 18. Nxd5 Nc6 19. f4 Rac8 20. Rf2
Rhd8 21. Ne3 Rd7 22. Re1 b5 23. a3 e6 24. Rd2 Nd4 25. c3 Nb3 26. Rdd1 Nc5 27.
d4 Ne4 28. Nf1 g5 29. fxg5 Nxg5 30. Re5 a6 31. h4 Ne4 32. d5 Rxd5 33. Rdxd5
exd5 34. Rxf5+ Ke6 35. Rh5 Rh8 36. Ne3 Nf6 37. Rf5 Rg8 38. Rf3 1/2-1/2

[Event "ENCI Limburg-open B"]
[Site "Maastricht"]
[Date "2010.05.23"]
[Round "5"]
[White "Holwijn, Melvin"]
[Black "Staudte, Rainer"]
[Result "1/2-1/2"]
[WhiteElo "2021"]
[BlackElo "1947"]
[PlyCount "156"]
[EventDate "2010.05.21"]
[EventType "swiss"]
[EventRounds "7"]
[EventCountry "NED"]
[Source "P.Boonen"]
[SourceDate "2010.10.01"]

1. d4 Nf6 2. c4 e6 3. Nf3 d5 4. Nc3 Nbd7 5. Bg5 c6 6. cxd5 exd5 7. e3 Be7 8.
Qc2 O-O 9. Bd3 Re8 10. Bf4 Nf8 11. O-O Ne6 12. Be5 g6 13. h3 Nh5 14. Rab1 Nf8
15. Rfd1 f6 16. Bh2 Ng7 17. b4 a6 18. a4 Bf5 19. e4 dxe4 20. Nxe4 Bxe4 21. Bxe4
Bd6 22. Bd3 Bxh2+ 23. Nxh2 Rc8 24. Ng4 Nh5 25. Bc4+ Kg7 26. Ba2 Nd7 27. Qb3 Qe7
28. Ne3 Nf4 29. Re1 Qf8 30. Qd1 Nb6 31. b5 axb5 32. axb5 Nbd5 33. Qd2 Qd6 34.
bxc6 bxc6 35. Rb7+ Kh8 36. Reb1 Re7 37. Bxd5 Nxd5 38. Rxe7 Qxe7 39. Rc1 Qd8 40.
Rc5 Nf4 41. Kf1 Qb6 42. Rc4 Ra8 43. Rc1 Qb5+ 44. Nc4 Nd5 45. Kg1 Kg7 46. g3 Ra4
47. Ne3 Qb7 48. Nxd5 cxd5 49. Qf4 Rc4 50. Re1 Qc7 51. Qe3 Qf7 52. Rb1 Qd7 53.
Kg2 Rc7 54. Qf3 Qf5 55. Qxf5 gxf5 56. Rb5 Rd7 57. Kf3 Kg6 58. Kf4 h6 59. f3 Rd6
60. h4 h5 61. Ke3 Rd8 62. Kd3 Rd7 63. f4 Kf7 64. Kc3 Ke6 65. Rb6+ Ke7 66. Rb8
Ke6 67. Rg8 Ra7 68. Kb4 Rc7 69. Re8+ Kf7 70. Re3 Rc4+ 71. Kb5 Rxd4 72. Kc5 Rd1
73. Rf3 Ke6 74. Ra3 Rc1+ 75. Kd4 Rc4+ 76. Kd3 Rc6 77. Ra8 Rb6 78. Ra3 Kd6
1/2-1/2

[Event "ENCI Limburg-open B"]
[Site "Maastricht"]
[Date "2010.05.23"]
[Round "5"]
[White "Ibrahim, Ashraf"]
[Black "Gendarme, Pierre"]
[Result "1/2-1/2"]
[WhiteElo "1819"]
[BlackElo "1760"]
[PlyCount "47"]
[EventDate "2010.05.21"]
[EventType "swiss"]
[EventRounds "7"]
[EventCountry "NED"]
[Source "P.Boonen"]
[SourceDate "2010.10.01"]

1. d4 Nf6 2. c4 c5 3. d5 e5 4. Nc3 d6 5. e4 Nbd7 6. Bd3 Be7 7. f4 exf4 8. Bxf4
a6 9. Nf3 Nh5 10. Bd2 g6 11. O-O Bf6 12. Re1 Ne5 13. Nxe5 Bxe5 14. Qf3 O-O 15.
h3 Qh4 16. Rf1 Bd7 17. Ne2 b5 18. Bc3 Qe7 19. b3 b4 20. Bxe5 Qxe5 21. g4 Qg5
22. Kh2 Qe5+ 23. Kg2 Qg5 24. Kh2 1/2-1/2

[Event "ENCI Limburg-open B"]
[Site "Maastricht"]
[Date "2010.05.23"]
[Round "5"]
[White "Mollema, Thomas"]
[Black "Verhelst, Henk"]
[Result "1/2-1/2"]
[WhiteElo "1888"]
[BlackElo "1710"]
[PlyCount "47"]
[EventDate "2010.05.21"]
[EventType "swiss"]
[EventRounds "7"]
[EventCountry "NED"]
[Source "P.Boonen"]
[SourceDate "2010.10.01"]

1. e4 e6 2. d4 d5 3. e5 c5 4. c3 Nc6 5. Nf3 Qb6 6. Bd3 Bd7 7. O-O cxd4 8. cxd4
Nxd4 9. Nxd4 Qxd4 10. Nc3 a6 11. Re1 Qb6 12. Kh1 Ne7 13. f4 g6 14. Be3 Qc7 15.
Rc1 Nc6 16. Na4 b5 17. Nc5 Qb8 18. a3 Be7 19. Re2 Na5 20. b3 Nb7 21. Nxb7 Qxb7
22. b4 Rc8 23. Ra1 Rc6 24. Bd4 1/2-1/2

[Event "ENCI Limburg-open B"]
[Site "Maastricht"]
[Date "2010.05.23"]
[Round "5"]
[White "Mueller, Claudia"]
[Black "Klein, Gernot"]
[Result "0-1"]
[WhiteElo "2033"]
[BlackElo "1903"]
[PlyCount "64"]
[EventDate "2010.05.21"]
[EventType "swiss"]
[EventRounds "7"]
[EventCountry "NED"]
[Source "P.Boonen"]
[SourceDate "2010.10.01"]

1. e4 c5 2. f4 e6 3. Nf3 d5 4. exd5 exd5 5. d4 Nf6 6. Bb5+ Bd7 7. Bxd7+ Nbxd7
8. Nc3 Be7 9. Be3 O-O 10. O-O cxd4 11. Bxd4 Bc5 12. Kh1 Bxd4 13. Nxd4 Nb6 14.
Rf3 Re8 15. Nf5 Qd7 16. Ng3 Rad8 17. Rd3 Ng4 18. Qf3 Nf6 19. h3 Qc6 20. Rad1
Rd7 21. Nf5 Qe6 22. Nd4 Qe7 23. g4 Ne4 24. Kg2 Nxc3 25. Rxc3 Nc4 26. b3 Ne3+
27. Kg3 Nxd1 28. Qxd1 Rdd8 29. Nf3 h6 30. Rd3 Qe2 31. Qc1 d4 32. Nxd4 Rxd4 0-1

[Event "ENCI Limburg-open B"]
[Site "Maastricht"]
[Date "2010.05.23"]
[Round "5"]
[White "O'Gorman, Brendan"]
[Black "Cillen, Jeroen"]
[Result "1/2-1/2"]
[WhiteElo "1827"]
[BlackElo "1893"]
[PlyCount "66"]
[EventDate "2010.05.21"]
[EventType "swiss"]
[EventRounds "7"]
[EventCountry "NED"]
[Source "P.Boonen"]
[SourceDate "2010.10.01"]

1. Nf3 Nf6 2. c4 c5 3. Nc3 Nc6 4. d4 cxd4 5. Nxd4 g6 6. g3 Bg7 7. Bg2 O-O 8.
O-O a6 9. c5 Nxd4 10. Qxd4 d6 11. cxd6 Ne8 12. Qc5 exd6 13. Qb4 Rb8 14. Bf4 a5
15. Qa3 b5 16. Nd5 b4 17. Qb3 Be6 18. Rab1 Nc7 19. Qd3 Bf5 20. e4 Nxd5 21. Qxd5
Be6 22. Qxd6 Bxa2 23. Qxb8 Qxb8 24. Bxb8 Rxb8 25. Rbd1 Bc4 26. Rd2 Bxf1 27.
Bxf1 a4 28. f4 a3 29. bxa3 Bc3 30. Rc2 Bd4+ 31. Kg2 bxa3 32. Rd2 Bb2 33. Bc4
Rb7 1/2-1/2

[Event "ENCI Limburg-open B"]
[Site "Maastricht"]
[Date "2010.05.23"]
[Round "5"]
[White "Pijlman, Rene"]
[Black "Liston, Mike"]
[Result "1-0"]
[WhiteElo "1914"]
[BlackElo "1705"]
[PlyCount "37"]
[EventDate "2010.05.21"]
[EventType "swiss"]
[EventRounds "7"]
[EventCountry "NED"]
[Source "P.Boonen"]
[SourceDate "2010.10.01"]

1. e4 e5 2. Nf3 Nc6 3. d4 exd4 4. Bc4 Nf6 5. e5 d5 6. Bb5 Ne4 7. Nxd4 Bd7 8.
Bxc6 bxc6 9. O-O Be7 10. f3 Ng5 11. f4 Ne6 12. f5 Nxd4 13. Qxd4 Bg5 14. Nd2 Qc8
15. e6 fxe6 16. Qxg7 Be3+ 17. Kh1 Rf8 18. fxe6 Rxf1+ 19. Nxf1 1-0

[Event "ENCI Limburg-open B"]
[Site "Maastricht"]
[Date "2010.05.23"]
[Round "5"]
[White "Porteman, Eric"]
[Black "Perrenet, Jacob"]
[Result "0-1"]
[WhiteElo "1931"]
[BlackElo "1986"]
[PlyCount "74"]
[EventDate "2010.05.21"]
[EventType "swiss"]
[EventRounds "7"]
[EventCountry "NED"]
[Source "P.Boonen"]
[SourceDate "2010.10.01"]

1. c4 g5 2. Nc3 Bg7 3. g3 c5 4. Bg2 Nc6 5. e3 d6 6. Nge2 Nf6 7. d4 Bd7 8. a3
Qc8 9. h3 h5 10. b3 h4 11. g4 Nxg4 12. hxg4 Bxg4 13. f3 h3 14. fxg4 hxg2 15.
Rxh8+ Bxh8 16. Ng1 cxd4 17. Nb1 Qe6 18. Ra2 O-O-O 19. Qe2 Be5 20. Qxg2 Rh8 21.
Nf3 Bf4 22. Kd1 dxe3 23. Nc3 f5 24. Ne2 fxg4 25. Nfd4 Qd7 26. Qe4 g3 27. Nxf4
Nxd4 28. Qxd4 Qg4+ 29. Kc2 Rh2+ 30. Kb1 gxf4 31. Bxe3 Qf5+ 32. Ka1 Rxa2+ 33.
Kxa2 fxe3 34. a4 Qf2+ 35. Ka3 e2 36. Qg4+ Kc7 37. Qh5 Qc5+ 0-1

[Event "ENCI Limburg-open B"]
[Site "Maastricht"]
[Date "2010.05.23"]
[Round "5"]
[White "Roufs, Gerard"]
[Black "Kuck, Ulrich"]
[Result "1-0"]
[WhiteElo "1984"]
[BlackElo "1951"]
[PlyCount "89"]
[EventDate "2010.05.21"]
[EventType "swiss"]
[EventRounds "7"]
[EventCountry "NED"]
[Source "P.Boonen"]
[SourceDate "2010.10.01"]

1. d4 c5 2. d5 Nf6 3. Nf3 e6 4. Nc3 Nxd5 5. Nxd5 exd5 6. Qxd5 d6 7. e4 Be7 8.
Be2 Nc6 9. O-O O-O 10. c3 Be6 11. Qh5 f5 12. Ng5 Bxg5 13. Bxg5 Qd7 14. exf5
Bxf5 15. Rad1 Be6 16. b3 d5 17. Qh4 Rae8 18. Rd2 Ne7 19. Bd3 Nf5 20. Qh5 h6 21.
Bf4 Qf7 22. Qd1 Rd8 23. Be5 Nd6 24. f3 b6 25. Re1 Nf5 26. Rde2 Bc8 27. Qb1 Kh8
28. Qc1 Kg8 29. Bb1 g5 30. Bd3 Nh4 31. Bg3 Ng6 32. h4 Nf4 33. Bxf4 Qxf4 34. Qc2
Bf5 35. hxg5 hxg5 36. Re5 Bxd3 37. Qxd3 Rd6 38. Rxd5 Rh6 39. Ree5 Qh2+ 40. Kf2
Qh4+ 41. Ke2 Kh8 42. Rxg5 Re8+ 43. Rge5 Rhe6 44. Qe3 Qf6 45. f4 1-0

[Event "ENCI Limburg-open B"]
[Site "Maastricht"]
[Date "2010.05.23"]
[Round "5"]
[White "Sanetra, Chris"]
[Black "Maassen van de Brink, Koen"]
[Result "1/2-1/2"]
[WhiteElo "2027"]
[BlackElo "1824"]
[PlyCount "54"]
[EventDate "2010.05.21"]
[EventType "swiss"]
[EventRounds "7"]
[EventCountry "NED"]
[Source "P.Boonen"]
[SourceDate "2010.10.01"]

1. e4 e5 2. Nf3 Nc6 3. Bb5 f5 4. d3 Nf6 5. Bg5 fxe4 6. dxe4 d6 7. Nc3 Be7 8.
Bxf6 Bxf6 9. Qd5 Bd7 10. O-O Qe7 11. a4 a6 12. Bc4 Rb8 13. Rad1 Bg4 14. Qd3 Nb4
15. Qe2 Be6 16. Bxe6 Qxe6 17. Nd5 Nxd5 18. exd5 Qe7 19. Rfe1 O-O 20. Nd4 Qd7
21. Ne6 Rfe8 22. b3 c6 23. c4 a5 24. Qd2 b6 25. Ng5 Bxg5 26. Qxg5 c5 27. Re4
Rf8 1/2-1/2

[Event "ENCI Limburg-open B"]
[Site "Maastricht"]
[Date "2010.05.23"]
[Round "5"]
[White "Smit, Melvin"]
[Black "Bachaus, Sander"]
[Result "1/2-1/2"]
[WhiteElo "1883"]
[BlackElo "1777"]
[PlyCount "47"]
[EventDate "2010.05.21"]
[EventType "swiss"]
[EventRounds "7"]
[EventCountry "NED"]
[Source "P.Boonen"]
[SourceDate "2010.10.01"]

1. d4 Na6 2. Nf3 c6 3. e3 g6 4. Bd3 Bg7 5. O-O d6 6. c4 Qc7 7. Bd2 e5 8. Qc2 f5
9. dxe5 dxe5 10. e4 Nc5 11. Nc3 Nxd3 12. Qxd3 Ne7 13. Rfd1 Be6 14. Rac1 Rd8 15.
Qe2 h6 16. Be3 Rxd1+ 17. Rxd1 b6 18. Ne1 O-O 19. f3 Rd8 20. b3 Rxd1 21. Qxd1
Qd7 22. Qe2 f4 23. Bf2 g5 24. Qd3 1/2-1/2

[Event "ENCI Limburg-open B"]
[Site "Maastricht"]
[Date "2010.05.23"]
[Round "5"]
[White "Thoma, Sophia"]
[Black "Goes, Dirk"]
[Result "1-0"]
[WhiteElo "1894"]
[BlackElo "1971"]
[PlyCount "87"]
[EventDate "2010.05.21"]
[EventType "swiss"]
[EventRounds "7"]
[EventCountry "NED"]
[Source "P.Boonen"]
[SourceDate "2010.10.01"]

1. e4 Nf6 2. e5 Nd5 3. d4 d6 4. c4 Nb6 5. Nf3 Bg4 6. Be2 e6 7. O-O Be7 8. exd6
cxd6 9. Nc3 N8d7 10. b3 Nf6 11. Bb2 O-O 12. Qd2 Rc8 13. Rfe1 Qc7 14. Rad1 Rfd8
15. Qf4 a6 16. Ne4 Bxf3 17. Bxf3 Nxe4 18. Qxe4 d5 19. Qg4 dxc4 20. d5 c3 21.
Rc1 Bf6 22. dxe6 Qe7 23. exf7+ Qxf7 24. Ba1 Rc7 25. Be4 Rd2 26. Bf5 Qf8 27.
Bxh7+ Kxh7 28. Qh5+ Kg8 29. Re8 Nd7 30. Rxf8+ Nxf8 31. h3 b5 32. a3 Bd4 33. Kh1
Bf6 34. Qf3 Rb2 35. Qd5+ Kh8 36. Qd6 Rc8 37. Qxa6 Rd8 38. Bxb2 cxb2 39. Rb1 Be5
40. Qxb5 Ng6 41. Qe2 Rc8 42. Qd1 Nf4 43. g3 Nxh3 44. Kg2 1-0

[Event "ENCI Limburg-open B"]
[Site "Maastricht"]
[Date "2010.05.23"]
[Round "5"]
[White "Tsiros, Fragkiskos Vlasios"]
[Black "Timmermans, Stefan"]
[Result "1/2-1/2"]
[WhiteElo "1712"]
[BlackElo "1865"]
[PlyCount "36"]
[EventDate "2010.05.21"]
[EventType "swiss"]
[EventRounds "7"]
[EventCountry "NED"]
[Source "P.Boonen"]
[SourceDate "2010.10.01"]

1. e4 c5 2. Nf3 e6 3. d4 cxd4 4. Nxd4 Nc6 5. Nc3 a6 6. Be2 Nge7 7. Be3 Nxd4 8.
Qxd4 Nc6 9. Qd2 Be7 10. O-O O-O 11. Rad1 b5 12. f4 d6 13. Bf3 Qc7 14. g4 Bb7
15. Qg2 Na5 16. g5 Nc4 17. Bc1 Qc5+ 18. Kh1 Ne3 1/2-1/2

[Event "ENCI Limburg-open B"]
[Site "Maastricht"]
[Date "2010.05.23"]
[Round "5"]
[White "Uckerman, John"]
[Black "Erin, Igor"]
[Result "1/2-1/2"]
[WhiteElo "1706"]
[BlackElo "1794"]
[PlyCount "57"]
[EventDate "2010.05.21"]
[EventType "swiss"]
[EventRounds "7"]
[EventCountry "NED"]
[Source "P.Boonen"]
[SourceDate "2010.10.01"]

1. e4 g6 2. d4 Bg7 3. Nc3 d6 4. f4 Nf6 5. a3 O-O 6. Nf3 c5 7. dxc5 dxc5 8. Qxd8
Rxd8 9. Bd3 Nc6 10. Be3 Nd4 11. O-O-O Ng4 12. Bg1 Bh6 13. Ng5 Bxg5 14. fxg5 Ne5
15. h3 Nxd3+ 16. Rxd3 Nb3+ 17. Kd1 Rxd3+ 18. cxd3 Be6 19. Be3 Rd8 20. Ke2 b6
21. Rd1 Nd4+ 22. Kf2 Bb3 23. Rd2 e5 24. Kg3 Kf8 25. Kf2 Ke7 26. Bxd4 cxd4 27.
Nd1 Rc8 28. Ke2 Rc1 29. Nf2 1/2-1/2

[Event "ENCI Limburg-open B"]
[Site "Maastricht"]
[Date "2010.05.23"]
[Round "5"]
[White "Van Asseldonk, Paul"]
[Black "Cromsigt, Jeroen"]
[Result "1-0"]
[WhiteElo "2027"]
[BlackElo "1825"]
[PlyCount "63"]
[EventDate "2010.05.21"]
[EventType "swiss"]
[EventRounds "7"]
[EventCountry "NED"]
[Source "P.Boonen"]
[SourceDate "2010.10.01"]

1. e4 e5 2. Nf3 Nc6 3. Bb5 f5 4. d3 Nf6 5. Nc3 fxe4 6. dxe4 d6 7. Be3 Be7 8. a3
Be6 9. Ng5 Bg8 10. Qe2 h6 11. Nf3 Be6 12. Rd1 Qc8 13. Nh4 O-O 14. Ng6 Rf7 15.
O-O Bg4 16. f3 Be6 17. Nd5 Bd8 18. Qd3 Ne7 19. Ngxe7+ Bxe7 20. Qc3 c6 21. Nxf6+
Bxf6 22. Bc4 Bxc4 23. Qxc4 d5 24. exd5 cxd5 25. Qxd5 Qxc2 26. Rc1 Qg6 27. Rc7
Rd8 28. Qxb7 Qd3 29. Bxa7 Rxc7 30. Qxc7 Qe2 31. b3 Rd1 32. Qc4+ 1-0